00574nam a2200169Ia 4500008004100000020001800041041000800059082001600067100001800083245009100101250000600192260003700198300001300235650000900248999001900257952012800276210716s2008 xx 000 0 und d a9788184890174 aeng a004.6x JOSB aJoshi, Bipin. aBeginning xml with c# 2008: from novice to professional.bFrom novice to professional. a1 aNew DelhibDreamtech Pressc2008 axxii,528 aNone c189391d189391 001040708MCAaAIMITbAIMITeCurrent Booksg529.00l0o004.6x JOSBpMCA08899r2025-07-21 00:00:00v449.65w2021-07-16yBK